<?xml version="1.0" encoding="UTF-8"?>
<record
    xmlns:xsi="http://www.w3.org/2001/XMLSchema-instance"
    xsi:schemaLocation="http://www.loc.gov/MARC21/slim http://www.loc.gov/standards/marcxml/schema/MARC21slim.xsd"
    xmlns="http://www.loc.gov/MARC21/slim">

  <leader>01701cjm a2200373 a 4500</leader>
  <controlfield tag="001">14109722</controlfield>
  <controlfield tag="005">20201124142542.0</controlfield>
  <controlfield tag="007">sd fsngnnmmned</controlfield>
  <controlfield tag="008">050915p20041994nyuzzn|  z        | eng d</controlfield>
  <datafield tag="010" ind1=" " ind2=" ">
    <subfield code="a">  2005582130</subfield>
  </datafield>
  <datafield tag="028" ind1="0" ind2="2">
    <subfield code="a">82876-60616-2</subfield>
    <subfield code="b">Windham Hill</subfield>
  </datafield>
  <datafield tag="035" ind1=" " ind2=" ">
    <subfield code="a">(OCoLC)ocm55089154</subfield>
  </datafield>
  <datafield tag="040" ind1=" " ind2=" ">
    <subfield code="a">NTG</subfield>
    <subfield code="c">NTG</subfield>
    <subfield code="d">GEC</subfield>
    <subfield code="d">OCL</subfield>
    <subfield code="d">DLC</subfield>
  </datafield>
  <datafield tag="041" ind1="0" ind2=" ">
    <subfield code="d">eng</subfield>
    <subfield code="g">eng</subfield>
  </datafield>
  <datafield tag="042" ind1=" " ind2=" ">
    <subfield code="a">lccopycat</subfield>
  </datafield>
  <datafield tag="050" ind1="0" ind2="0">
    <subfield code="a">SDB 29172</subfield>
  </datafield>
  <datafield tag="082" ind1=" " ind2=" ">
    <subfield code="a">781.65</subfield>
    <subfield code="b">KOZ</subfield>
    <subfield code="2">22</subfield>
  </datafield>
  <datafield tag="245" ind1="1" ind2="0">
    <subfield code="a">Greatest hits /</subfield>
    <subfield code="c">Dave Koz</subfield>
  </datafield>
  <datafield tag="246" ind1="3" ind2=" ">
    <subfield code="a">Jim Brickman greatest hits</subfield>
  </datafield>
  <datafield tag="260" ind1=" " ind2=" ">
    <subfield code="a"> Hollywood, CA :</subfield>
    <subfield code="b">Capitol,  2008</subfield>
    <subfield code="c">2008.</subfield>
  </datafield>
  <datafield tag="260" ind1=" " ind2=" ">
    <subfield code="a">Egypt :</subfield>
    <subfield code="b">Virgin megastores,</subfield>
    <subfield code="c">D2008.</subfield>
  </datafield>
  <datafield tag="300" ind1=" " ind2=" ">
    <subfield code="a">1 sound disc :</subfield>
    <subfield code="b">digital ;</subfield>
    <subfield code="c">4 3/4 in. +</subfield>
    <subfield code="e">1 booklet</subfield>
  </datafield>
  <datafield tag="505" ind1="0" ind2="0">
    <subfield code="a">You make me smile -- All I see is you -- Can't let you go (The sha la song) -- Faces of the heart (theme from General Hospital) -- Together again -- Honey-dipped -- Emily -- Life in the fast lane -- Love is on the way (featuring Chris Botti, trumpet) -- I can (featuring BeBe  Winans, vocals) -- Lullaby for a rainy night -- Bada bing (featuring Jeff Golub, guitar) -- Love changes everything (featuring Brian McKnight, vocals, piano) -- And then I knew -- Castle of dreams.   </subfield>
  </datafield>
  <datafield tag="511" ind1=" " ind2=" ">
    <subfield code="a">Dave Koz, alto saxophone, soprano saxophone, tenor saxophone, hand clapping ; with featured and accompanying musicians.   </subfield>
  </datafield>
  <datafield tag="650" ind1=" " ind2="0">
    <subfield code="a">Jazz</subfield>
    <subfield code="9">14234</subfield>
    <subfield code="y">1991-2000.</subfield>
  </datafield>
  <datafield tag="655" ind1=" " ind2=" ">
    <subfield code="a">Saxophone music (Jazz)   </subfield>
    <subfield code="9">14239</subfield>
  </datafield>
  <datafield tag="700" ind1=" " ind2=" ">
    <subfield code="9">14229</subfield>
    <subfield code="a">Botti, Chris</subfield>
  </datafield>
  <datafield tag="700" ind1=" " ind2=" ">
    <subfield code="9">14236</subfield>
    <subfield code="a">Winans, BeBe.   </subfield>
  </datafield>
  <datafield tag="700" ind1=" " ind2=" ">
    <subfield code="9">14237</subfield>
    <subfield code="a">Golub, Jeff</subfield>
  </datafield>
  <datafield tag="700" ind1=" " ind2=" ">
    <subfield code="9">14238</subfield>
    <subfield code="a">McKnight, Brian</subfield>
    <subfield code="d">1969-   </subfield>
  </datafield>
  <datafield tag="700" ind1=" " ind2=" ">
    <subfield code="9">14237</subfield>
    <subfield code="a">Golub, Jeff</subfield>
  </datafield>
  <datafield tag="942" ind1=" " ind2=" ">
    <subfield code="2">ddc</subfield>
    <subfield code="c">CDR</subfield>
  </datafield>
  <datafield tag="999" ind1=" " ind2=" ">
    <subfield code="c">10328</subfield>
    <subfield code="d">10328</subfield>
  </datafield>
  <datafield tag="952" ind1=" " ind2=" ">
    <subfield code="0">0</subfield>
    <subfield code="1">0</subfield>
    <subfield code="2">ddc</subfield>
    <subfield code="4">0</subfield>
    <subfield code="7">0</subfield>
    <subfield code="a">MAIN</subfield>
    <subfield code="b">MAIN</subfield>
    <subfield code="c">2ND</subfield>
    <subfield code="d">2009-01-05</subfield>
    <subfield code="l">3</subfield>
    <subfield code="o">781.65 KOZ</subfield>
    <subfield code="p">000015015</subfield>
    <subfield code="r">2022-08-24 00:00:00</subfield>
    <subfield code="s">2012-07-17</subfield>
    <subfield code="w">2009-01-05</subfield>
    <subfield code="y">CDVDSOU</subfield>
  </datafield>
</record>
